000
00342nam a22001453 4500
001
206754
005
20250603150525.0
090
_a
206754
100
_a
20250603 ukry50
101
_a
ukr
102
_a
UA
200
_a
210
_d
2025
801
_2
unimarc
_a
UA
_g
psbo
942
_c
NEWSPAPER